U.S. Presidential Nicknames - Statistics

General Stats
  • This quiz has been taken 13 times
  • The average score is 26 of 82
Answer Stats
Hint Answer % Correct
The Donald Donald Trump
90%
Dubya George W. Bush
80%
Give 'Em Hell Harry Harry S. Truman
80%
LBJ Lyndon B. Johnson
70%
Tricky Dick Richard Nixon
70%
Honest Abe Abraham Lincoln
60%
The Great Emancipator Abraham Lincoln
60%
Old Hickory Andrew Jackson
60%
Silent Cal Calvin Coolidge
60%
Ike Dwight D. Eisenhower
60%
Delano Franklin D. Roosevelt
60%
FDR Franklin D. Roosevelt
60%
The Peanut Farmer Jimmy Carter
60%
Sleepy Joe Joe Biden
60%
JFK John F. Kennedy
60%
Landslide Lyndon Lyndon B. Johnson
60%
Rutherfraud Rutherford B. Hayes
60%
Teddy Theodore Roosevelt
60%
TR Theodore Roosevelt
60%
The Sage of Monticello Thomas Jefferson
60%
The Hero of New Orleans Andrew Jackson
50%
Orange Man Donald Trump
50%
Handsome Frank Franklin Pierce
50%
41 George H. W. Bush
50%
Sage of Mount Vernon George Washington
50%
The Father of His Country George Washington
50%
Father of the Constitution James Madison
50%
The King of Camelot John F. Kennedy
50%
The Gipper Ronald Reagan
50%
The Hero of Appomattox Ulysses S. Grant
50%
Jackass Andrew Jackson
40%
Slick Willie Bill Clinton
40%
Felon-in-Chief Donald Trump
40%
Bachelor President James Buchanan
40%
Jack John F. Kennedy
40%
The Careful Dutchman Martin Van Buren
40%
Long Tom Thomas Jefferson
40%
Unconditional Surrender Ulysses S. Grant
40%
The Tennessee Tailor Andrew Johnson
30%
No Drama Barack Obama
30%
Jerry Gerald Ford
30%
The Era of Good Feelings President James Monroe
30%
His Accidency John Tyler
30%
Old Kinderhook Martin Van Buren
30%
Bonzo Ronald Reagan
30%
The Great Communicator Ronald Reagan
30%
The Trust Buster Theodore Roosevelt
30%
Tippecanoe William Henry Harrison
30%
The Comeback Kid Bill Clinton
20%
Dark Brandon Joe Biden
20%
The Colossus of Independence John Adams
20%
Last of the Whigs Millard Fillmore
20%
Winnie Warren G. Harding
20%
Old Rough and Ready Zachary Taylor
20%
Walrus Chester A. Arthur
10%
Poppy George H. W. Bush
10%
Little Jemmy James Madison
10%
Bonny Johnny John Adams
10%
His Rotundity John Adams
10%
Mad Old Man From Massachusetts John Quincy Adams
10%
Big Bill William Howard Taft
10%
The Idol of Ohio William McKinley
10%
Wobbly Willie William McKinley
10%
The Schoolmaster Woodrow Wilson
10%
The Centennial President Benjamin Harrison
0%
Grandfather's Hat Benjamin Harrison
0%
The Human Iceberg Benjamin Harrison
0%
The Dude President Chester A. Arthur
0%
His Excellency George Washington
0%
The Accidental President Gerald Ford
0%
Uncle Jumbo Grover Cleveland
0%
Big Steve Grover Cleveland
0%
The Great Engineer Herbert Hoover
0%
Old Buck James Buchanan
0%
The Preacher President James Garfield
0%
Napoleon of the Stump James K. Polk
0%
Young Hickory James K. Polk
0%
The Last Cocked Hat James Monroe
0%
Old Man Eloquent John Quincy Adams
0%
The Little Magician Martin Van Buren
0%
The Lion Theodore Roosevelt
0%
The Happy Hooligan Warren G. Harding
0%
No matching quizzes found
Score Distribution
Percent of People with Each Score
Percentile by Number Answered
Your Score History
You have not taken this quiz